000 00881nam a22003137a 4500
001 BR6000756
003 BR-BrBNA
005 20230928095512.0
007 ta
008 230509b bl.||||| |||| 00| 0 por d
040 _aBR-BrBNA
_bpor
_cBiblioteca Nacional de Agricultura
041 _a(Por)
072 _aE10; E50
090 _ E10 BR6000756
100 1 _aStephanes, R.
110 1 _aInstituto de Colonizacao e Reforma Agraria, Brasilia, DF (Brasil)
245 1 _aO Programa de Integracao Nacional e a Colonizacao da Amazonia
250 1 _a2. ed.
260 3 _aBrasilia, DF (Brasil):
_c1972.
300 _a56 p.
500 _a23 illus.
650 _aPolitica de Desenvolvimento
650 _aColonizacao
650 _aDesenvolvimento Rural
650 _aProjeto de Colonizacao
650 _aAmazonia
909 _a202309
_bLucia
_c55
_dLucia Elande
942 _cBK
999 _c56941
_d56941